000 01065nam a2200229Ii 4500
003 JO-AjNU
008 230605s9999||||xx |||||||||||||| ||und||
017 _a2008/11877
020 _a978-977-455-153-1
040 _aJO-AjNU
_bara
_erda
_cJO-AjNU
041 _aara
050 1 4 _aHG151.C5122.2009
100 3 _aإعداد جون كلارك,
_eauthor
_927511
245 0 0 _a قاموس المصطلحات الدولية المصرفية إنجليزي - عربي = Dictionary of international banking and finance terms English-Arabic
250 _aالطبعة العربية الأولى،2009 / الطبعة الأجنبية، 2001
264 3 1 _aالجيزة، مصر: دار الفاروق للاستثمارات الثقافية، 2009
300 _a862ص
336 _atext
_btxt
_2rdacontent
337 _aunmediated
_bn
_2rdamedia
338 _avolume
_bnc
_2rdacarrier
650 4 _aالبنوك -- معاجم -- البنوك الدولية -- معجم مصطلحات -- اللغة الانجليزية -- معاجم -- اللغة العربية
_927512
999 _aA10560
_c14128
_d14128